[Event "Gibraltar Masters 11th"]
[Site "Caleta"]
[Date "2013.01.27"]
[Round "6"]
[White "Dzagnidze, Nana"]
[Black "Adams, Michael"]
[Result "0-1"]
[WhiteElo "2555"]
[BlackElo "2725"]
[Annotator "Krasenkow,M"]
[PlyCount "82"]
[EventDate "2013.01.22"]
[EventType "swiss"]
[EventRounds "10"]
[EventCountry "GGB"]
[SourceTitle "CBM 153"]
[Source "ChessBase"]
[SourceDate "2013.03.14"]
[SourceVersion "1"]
[SourceVersionDate "2013.03.14"]
[SourceQuality "1"]

1. d4 Nf6 2. Nf3 e6 3. c4 b6 4. g3 Bb7 5. Bg2 c5 6. d5 exd5 7. Nh4 g6 8. Nc3
Bg7 9. O-O d6 (9... Na6 {- see CBM 142, annotations to Nyback - A.Mastrovasilis
}) (9... O-O {is the main theoretical continuation.}) 10. Bg5 (10. cxd5 O-O 11.
e4 Re8 12. Re1 Nbd7 13. Bf1 a6 14. a4 Rc8 15. f3 Qc7 16. Ng2 Ne5 $132 {1/2 (39)
Legemaat,G (2353)-Gentinetta,B ICCF WS 2005}) (10. Nxd5 {may be the simplest
way sufficient for a small plus:} Nxd5 11. Bxd5 Nc6 12. Rb1 O-O 13. b3 Qd7 14.
Bb2 Rfe8 15. Bxg7 Kxg7 16. Rb2 Rad8 17. Rd2 Ba6 18. Ng2 b5 19. Nf4 bxc4 20.
bxc4 Ne5 21. Qc2 $14 {1/2 (25) Abramovic,B (2467)-Palac,M (2583) Neum 2011})
10... Qd7 {That's the main idea behind the delay in castling.} (10... h6 11.
Nxd5 $1 Nc6 12. Bxf6 Bxf6 13. Nxf6+ Qxf6 14. Qa4 $14 {1/2 (23) Salzmann,S 
(2156)-Launhardt,W (2132) Lechenicher SchachServer 2011}) 11. cxd5 (11. Bxf6
Bxf6 12. Bxd5 Bxc3 13. Bxb7 Qxb7 14. bxc3 Qd7 $11 {[%csl Rc3,Rc4,Rd6]}) 11...
h6 12. Bd2 b5 (12... O-O 13. Qc2 $6 (13. e4 $142) 13... Na6 14. Rad1 Nb4 15.
Qb1 Nbxd5 16. e4 Nxc3 17. Bxc3 Qe7 $17 {0-1 (38) Omar,N (2322)-Urkedal,F (2473)
Istanbul TUR 2012}) 13. a3 O-O 14. e4 Na6 15. Qb3 (15. Qc1 $5 Kh7 16. Re1 b4
17. Nd1) 15... Nc7 16. Rfe1 a5 {Black has obtained an excellent active
position.} 17. Qa2 $2 {[%mdl 16384] A strange decentralising move, after which
White's centre quickly collapses.} (17. Qc2 $142 {[%cal Yc3d1,Yd1e3]}) 17...
Rfe8 18. a4 b4 19. Nd1 Re7 20. f4 Rae8 21. Nf2 Nfxd5 $1 22. exd5 Re2 23. Rxe2
Rxe2 24. Rd1 Bd4 25. Be1 Qe8 26. Nf3 Qe3 27. Qb1 Rxb2 28. Qc1 Qxc1 29. Rxc1 Be3
30. Rd1 c4 31. Ne5 dxe5 32. d6 Bxg2 33. f5 (33. dxc7 Bh3 34. c8=Q+ Bxc8 35.
Rd8+ Kg7 36. Rxc8 Rb1 $19) 33... Bb7 34. d7 Bg5 35. d8=Q+ Bxd8 36. Rxd8+ Kg7
37. Rd7 Rb1 38. Kf1 c3 39. f6+ Kxf6 40. Ng4+ Kg5 41. Nxe5 c2 0-1

[Event "EU-Cup 26th"]
[Site "Plovdiv"]
[Date "2010.10.22"]
[Round "6.4"]
[White "Pashikian, Arman"]
[Black "Andreikin, Dmitry"]
[Result "0-1"]
[WhiteElo "2639"]
[BlackElo "2669"]
[Annotator "Krasenkow,M"]
[PlyCount "122"]
[EventDate "2010.10.17"]
[EventType "team-swiss"]
[EventRounds "7"]
[EventCountry "BUL"]
[SourceTitle "CBM 139"]
[Source "ChessBase"]
[SourceDate "2010.11.18"]
[SourceVersion "1"]
[SourceVersionDate "2010.11.18"]
[SourceQuality "1"]
[WhiteTeam "Yerevan Mika"]
[BlackTeam "Economist SGSEU"]
[WhiteTeamCountry "ARM"]
[BlackTeamCountry "RUS"]

{[%mdl 2]} 1. d4 Nf6 2. Nf3 e6 3. c4 b6 4. g3 Bb7 5. Bg2 Bb4+ 6. Bd2 Bxd2+ 7.
Qxd2 O-O 8. Nc3 Ne4 9. Qd3 Nxc3 10. Ng5 {Many years ago this was considered a
"deadly trap". However, later on it turned out not to be so deadly, and some
black players deliberately fell into it!} Ne4 11. Nxe4 {White plays for a
small plus.} (11. Bxe4 Bxe4 12. Qxe4 Qxg5 13. Qxa8 {wins the exchange but
Black gets decent compensation:} Nc6 (13... Qa5+ $143 14. Kf1 Qa6 15. Qe4 Qxc4
16. b3 Qb4 17. Kg2 Nc6 18. Rac1 f5 19. Qf4 Rc8 20. Rhd1 $16 {1-0 Gilg,K-Herzog,
F/Teplitz-Schoenau 1937/HCL (26)}) 14. Qb7 Nxd4 15. Rd1 (15. Qe4 $4 Qa5+ 16.
Kf1 Nb3 17. axb3 Qxa1+ 18. Kg2 Qxb2 {0-1 Simantsev,M (2511)-Lomako,P (2417)/
Serpukhov 2009/EXT 2010}) (15. O-O Nxe2+ 16. Kh1 Qc5 17. Qe4 Nd4 18. Rad1 e5
19. Qd5 c6 $6 (19... d6 $1 20. Qxc5 bxc5 21. Rd3 Rb8 22. Ra3 Rb7 $11 {P.Van
der Sterren, M.Kuijf}) 20. Qxd7 Qxc4 21. Qxa7 $14 {1-0 Van der Sterren,P (2605)
-Kortschnoj,V (2615)/Antwerp 1994/EXT 1998 (30)}) 15... c5 (15... Qe5 16. e3
Nc2+ 17. Ke2 $1 d5 (17... Nb4 18. Rxd7 $16) 18. Rd2 Qe4 (18... Nb4 19. a3 Qe4
20. Rc1 Na2 21. Rcc2 Qh1 22. cxd5 Nc1+ 23. Rxc1 Qxc1 24. Qc6 $16) (18... Qxb2
19. Qc6 $3 Nb4 20. Rxb2 Nxc6 21. cxd5 $18) 19. Rc1 Nxe3 20. fxe3 Qg2+ 21. Kd1
Qh1+ 22. Kc2 Qe4+ 23. Rd3 $18 {1-0 Novikov,I (2580)-Christiansen,L (2590)/
Antwerp 1995/CBM 050/[Novikov] (44)}) 16. e3 (16. Rd2 $5) 16... Nc2+ 17. Kd2 (
17. Kf1 Qg4 18. Rxd7 Qxc4+ 19. Kg2 Nxe3+ 20. fxe3 Qe2+ 21. Kg1 Qe1+ {1/2
Melkumyan,H (2485)-Lysyj,I (2593)/Moscow 2008/CBM 123}) 17... Qf5 18. Qg2 (18.
f3 Nb4 19. Ke2 Qc2+ 20. Rd2 Qxc4+ 21. Kf2 {1/2 Goldin,A-Iailian,M/Soviet Union
1984/EXT 2000}) 18... Nb4 19. e4 Qf6 20. Kc1 Nxa2+ 21. Kb1 Nb4 22. Rxd7 Nc6 23.
f4 e5 24. Rhd1 Nd4 25. Rxa7 exf4 26. gxf4 Qxf4 27. Re1 Nf3 28. Re2 Nd4 29. Re1
{1/2 Euwe,M-Capablanca,J/Amsterdam 1931/HCL}) 11... d5 (11... Nc6 12. O-O d6
13. a3 $14) 12. cxd5 Bxd5 (12... exd5 13. Nc3 c6 14. O-O Nd7 15. b4 (15. e4 $14
) 15... Nf6 16. Rfd1 Qd7 17. a4 Rac8 18. a5 c5 19. bxc5 bxc5 20. dxc5 Rxc5 {
0-1 Kulaots,K (2547)-Kuparadze,G (2362)/Istanbul 2007/CBM 120 ext (39)} 21. e4
$1 $16) 13. O-O Nc6 (13... Nd7 14. Rac1 {[%csl Rc7]}) 14. Rfd1 Qe7 {[%cal
Ya8d8,Ye6e5]} 15. Nc3 $1 Bxg2 16. Kxg2 Rad8 $146 {This move was recommended by
V.Ivanchuk in his annotations to the following game:} (16... Nb4 $6 17. Qc4 Nd5
(17... Rac8 18. e4 $5) 18. Rac1 Rac8 19. Qc6 Rfd8 20. e3 $1 Kf8 21. Nxd5 exd5
22. Rc3 Qd7 23. Rdc1 Qxc6 24. Rxc6 $16 {1-0 Ivanchuk,V (2731)-Nisipeanu,L 
(2695)/Foros 2006/CBM 113 (54)}) 17. Qe4 (17. Qc4 Na5 18. Qa4 c5 {V.Ivanchuk})
17... Rd6 $1 18. Rac1 (18. Nb5 Rd5) 18... a6 19. Nb5 (19. e3 $14 {V.Ivanchuk})
19... axb5 20. Rxc6 Qd7 21. Rdc1 Rxd4 22. Qe5 Qd5+ 23. Qxd5 Rxd5 24. Rxc7 $14 {
[%mdl 4096] White is slightly better in this endgame due to his superior pawn
structure. Unbelievably, he goes on to lose it!} g6 25. R1c2 b4 26. R2c4 b3 27.
axb3 Rd2 28. Rc2 Rfd8 29. Kf3 R2d5 30. Rc8 Rxc8 31. Rxc8+ Kg7 32. Rc4 Rb5 33.
b4 Rd5 34. Ke3 Kf6 35. Rc6 (35. Rd4 $1 Rb5 36. Kd3 $14) 35... Rb5 36. Kd3 $6
Rxb4 37. Kc3 Rb5 38. b4 Ke7 39. Rc7+ Kf6 40. Rc6 Ke7 41. Rc7+ Kf6 42. Rb7 Re5
43. e3 b5 44. Rd7 g5 $1 {[%cal Yg5g4] Suddenly Black gets counterplay!} 45. Kd4
(45. h3 Rf5 46. f4 gxf4 47. exf4 h5 48. Rd4 $11) 45... Rf5 46. f4 g4 $1 47. e4
$6 {It is very risky to give up the h2-pawn!} ({There was still nothing wrong
with} 47. Ke4 Rh5 48. Rd2 $11) 47... Rh5 48. e5+ Kg6 49. Kc5 $6 (49. Rd8 $1 {
was now essential to force} Kg7 {, and then} 50. Kc5 {is enough for a draw:}
Rxh2 51. Kxb5 h5 52. Kc4 $1 h4 53. gxh4 g3 54. Rd3 $1 Rh3 $1 55. Rd1 Kg6 (55...
Rxh4 56. b5 Rxf4+ 57. Kc5 g2 58. Rg1 Rf2 59. b6 $11) 56. b5 Kf5 57. b6 Rxh4 58.
b7 Rh8 59. Kc5 Kxf4 60. Rb1 g2 61. Kc6 Kf3 62. Kc7 Kf2 63. Rb2+ $11) 49... Rxh2
50. Kxb5 $6 {Again} (50. Rd8 $1 {was necessary:} Rc2+ $1 (50... h5 51. Rg8+ Kf5
$2 52. Kd4) (50... Kf5 51. Rf8 $132) 51. Kxb5 h5 52. Ka4 $1 Rg2 53. Rd3 h4 54.
gxh4 g3 55. b5 Kf5 56. b6 Kxf4 57. Kb5 Rb2+ 58. Kc6 g2 59. Rd1 {with a draw as
after} Kg4 (59... Kxe5 $6 60. b7 {[%csl Gh4]}) 60. b7 Kxh4 61. Kc7 Kg3 (61...
Rc2+ $11) 62. b8=Q Rxb8 63. Kxb8 Kh2 $4 (63... Kf4 $11) 64. Kc7 g1=Q 65. Rxg1
Kxg1 66. Kd6 Kf2 67. Ke7 {Black lacks a crucial tempo and loses.}) 50... h5 51.
Rd3 h4 52. gxh4 Rxh4 (52... Kh5 53. Rd7 $1 g3 54. Rxf7 Rxh4 {[%cal Rh4g4]} (
54... Kxh4 55. Kc6) 55. f5 $1 exf5 56. Rxf5+ Kg4 57. Rf1 $11) 53. Kc4 $2 (53.
Kc6 {may be still enough for a draw. The endgame requires deep analysis but
here is the first approximation:} Rh3 54. Rd1 Rc3+ 55. Kd6 Rb3 56. Kc5 g3 57.
Kc4 $1 Rf3 58. b5 Kf5 59. b6 Rf2 (59... Rxf4+ 60. Kc5 Rf2 61. Rg1 $1 g2 62. b7
$11) 60. Kc3 Rh2 61. Rb1 Rh8 62. Kd4 g2 $5 (62... Kxf4 63. b7 Rd8+ (63... g2
64. Kc5 $1 Kxe5 65. Rg1 $11) 64. Kc5 Kxe5 65. b8=Q+ Rxb8 66. Rxb8 $11 {_|_})
63. Rg1 $1 Rg8 64. b7 Rb8 65. Rxg2 Rxb7 66. Rh2 $5 Rb4+ 67. Kd3 Rxf4 68. Rh5+
$11) 53... Kf5 54. Rd7 (54. b5 Kxf4 55. b6 Kxe5 56. Rd8 (56. b7 Rh8 57. Kb5 f5
58. Kc6 Ke4 59. Rb3 f4 $19) 56... g3+ 57. Kc5 (57. Kc3 g2 58. Rg8 Rh1 $1 59.
Rxg2 Rb1 $19) 57... Rh1 58. b7 Rc1+ 59. Kb6 Rb1+ 60. Kc6 f5 61. b8=Q+ Rxb8 62.
Rxb8 Kf4 $1 $19) 54... Rh7 (54... g3 55. Rxf7+ Kg6 56. Rf8 Kg7 $19 {wins at
once but the text move is good, too.}) 55. b5 g3 56. Rd1 (56. b6 g2 57. b7 g1=Q
58. b8=Q Qc1+ 59. Kd4 Qxf4+ $19) 56... Rh2 57. b6 (57. Rb1 g2 58. Rg1 Kxf4 59.
b6 Kf3 60. b7 Rh8 $19) 57... Rb2 58. Kc5 g2 59. Kc6 Kxf4 60. b7 Kf3 61. Kc7 Kf2
0-1

[Event "EU-ch 12th"]
[Site "Aix les Bains"]
[Date "2011.04.02"]
[Round "11"]
[White "Nyback, Tomi"]
[Black "Mastrovasilis, Athanasios"]
[Result "1-0"]
[WhiteElo "2656"]
[BlackElo "2547"]
[Annotator "Krasenkow,M"]
[PlyCount "75"]
[EventDate "2011.03.22"]
[EventType "swiss"]
[EventRounds "11"]
[EventCountry "FRA"]
[SourceTitle "CBM 142 Extra"]
[Source "ChessBase"]
[SourceDate "2011.06.27"]
[SourceVersion "1"]
[SourceVersionDate "2011.06.27"]
[SourceQuality "1"]

1. Nf3 Nf6 2. c4 b6 3. g3 Bb7 4. d4 e6 5. Bg2 c5 {This system is considered
rather favourable for White; the present game doesn't refute that verdict.} 6.
d5 $1 exd5 7. Nh4 g6 8. Nc3 Bg7 9. O-O Na6 {Black brings the knight to control
the d5-square.} (9... O-O 10. Bg5 {etc. is the main theoretical line.}) 10. Bf4
$5 $146 {[%mdl 8]} (10. Rb1 $6 O-O 11. a3 Re8 12. Nxd5 Nxd5 13. cxd5 c4 14. Nf3
Nc5 $132 {1/2 Banikas,H (2590)-Mastrovasilis,A (2556)/Vrahati 2010/CBM 139
Extra (76)}) (10. Nxd5 Nxd5 11. Bxd5 Bxd5 12. Qxd5 O-O 13. Bg5 Qe8 14. Qd2 Nb4
15. Ng2 Qe6 16. Rfc1 Rfe8 17. Be3 Qe5 $132 {1/2 Prusikin,M (2525)-Hertneck,G 
(2547)/Austria 2004/EXT 2006 (43)}) (10. cxd5 d6 11. Qa4+ (11. e4 O-O 12. Bf4
Nh5 13. Be3 Nf6 14. f3 Re8 15. Qd2 Nc7 16. Bh6 Bxh6 17. Qxh6 b5 18. Rfe1 b4 19.
Ne2 Ba6 $132 {1/2 Libeau,R (2360)-Thiel,K (2330)/Germany 1991/GER-chT2 (52)})
11... Qd7 12. Qxd7+ Kxd7 13. Bf4 Nc7 14. e4 Rad8 15. Rad1 Kc8 16. e5 dxe5 17.
Bxe5 Nfe8 18. Rfe1 Bxe5 19. Rxe5 Nd6 $11 {1-0 Romero Holmes,A (2526)-Mantovani,
R (2342)/Senigallia 2009/CBM 130 Extra (60)}) 10... O-O (10... Nc7 $5 {needs
checking, e.g.} 11. Bd6 (11. cxd5 d6 12. e4 O-O 13. Qd2 b5 $132) 11... Ne4 12.
Nxe4 dxe4 13. Qc2 f5 14. f3 $44) 11. Bd6 {[%csl Gd6]} Re8 12. cxd5 b5 $5 {
Black could also try to free his pieces without material sacrifices:} (12...
Ng4 $5) 13. Nxb5 Qb6 14. a4 Ne4 15. Bf4 d6 16. Ra3 $6 (16. Nf3 $5 Nc7 17. Ng5
$1 Nxg5 (17... Nxb5 18. Nxe4) 18. Nxd6 $1 Nxd5 $1 19. Nxb7 Nxf4 20. gxf4 Ne6
21. e3 $14) 16... Nb4 $1 {[%mdl 2048]} 17. Re3 f5 $6 (17... a6 $1 $13) 18. Bxe4
Rxe4 19. Rxe4 fxe4 20. Bxd6 (20. Ng2 $1 Bxd5 (20... Nxd5 21. Qb3 $1 Kh8 22. Rd1
) 21. Ne3 Bf7 22. Qxd6 Bxb2 23. Rd1 $14) 20... Bxd5 (20... Rc8 $5) 21. Qc1 $16
{White has kept his extra pawn; Black's bishop pair doesn't give him
sufficient compensation due to the unsafe position of his king.} Rc8 22. Bf4 (
22. Qf4 $5 $16 Bxb2 $140 $2 23. Qg4 $1 Ra8 24. Nf5 Bf6 25. Rc1 $18) 22... a6 (
22... Qa6 23. Bh6 $16) 23. Nc3 Bb7 (23... Qe6 24. Bh6 Bd4 25. Nxd5 Nxd5 26. Ng2
$16) 24. Rd1 Bd4 $2 {[%mdl 8192] Blundering a second pawn, after which White
gradually wins.} (24... Rd8 $16) 25. Nxe4 $1 c4 $6 (25... Bxe4 26. Rxd4 $18) (
25... Rd8 26. Bg5 $18) 26. Nf3 {Quite enough for a win.} (26. a5 $5 {would end
the game faster:} Qa7 (26... Qe6 27. Nd6 $18) 27. Nd6 Bxf2+ 28. Kf1 Bg1 29. e3
$18) 26... Bxb2 (26... Bxe4 27. Nxd4 $18) 27. Qxb2 Bxe4 28. Ng5 Ba8 29. Qe5 Qc6
30. f3 Re8 31. Qd4 Rxe2 32. Qa7 Bb7 33. Rd8+ Kg7 34. Qd4+ Kh6 35. Nf7+ Kh5 36.
g4+ Kh4 37. Bg3+ Kh3 38. Ng5# 1-0

[Event "EU-Cup 10th final"]
[Site "Lyon"]
[Date "1994.11.19"]
[Round "2"]
[White "Lautier, Joel"]
[Black "Yudasin, Leonid"]
[Result "1-0"]
[WhiteElo "2645"]
[BlackElo "2625"]
[Annotator "Lautier,J"]
[PlyCount "119"]
[EventDate "1994.11.18"]
[EventType "team-k.o."]
[EventRounds "3"]
[EventCountry "FRA"]
[SourceTitle "EXT 2020"]
[Source "ChessBase"]
[SourceDate "2019.10.17"]
[SourceVersion "1"]
[SourceVersionDate "2019.10.17"]
[SourceQuality "1"]
[WhiteTeam "Lyon-Oyonnax Echecs"]
[BlackTeam "Beer-Sheva Chess Club"]
[WhiteTeamCountry "FRA"]
[BlackTeamCountry "ISR"]

1. d4 Nf6 2. c4 e6 3. g3 Bb4+ 4. Bd2 Bxd2+ 5. Qxd2 O-O 6. Bg2 d5 $6 (6... d6
$142) 7. Nf3 b6 8. cxd5 (8. O-O Bb7 9. cxd5 Bxd5 $5 10. Nc3 Bb7 {/\ Nbd7, c5})
8... exd5 9. O-O Bb7 10. Nc3 Nbd7 11. b4 $1 {/\ b5+/-} Ne4 12. Qb2 Re8 13. e3
c6 14. Rfd1 (14. Nxe4 dxe4 15. Nd2 Nf6 16. Rfc1 {+=}) (14. Rfc1 a5 15. b5 c5 {
+=} (15... Nxc3 $2 16. bxc6 {+/-})) (14. Rac1 {/\ Rfd1, a4, b5} a5 15. b5 $5
Nxc3 16. Rxc3 cxb5 17. Qxb5 Ba6 18. Qxd5 Bxf1 19. Bxf1 {~=}) 14... a5 15. a3
Nxc3 (15... Qe7 $6 16. Nxe4 dxe4 17. Nd2 axb4 18. axb4 Nf6 19. b5 (19. Nc4 Nd5
20. b5 $2 cxb5 21. Qxb5 Nc3) 19... c5 20. Nc4 Nd5 21. dxc5 Rxa1 (21... Qxc5 22.
Rac1 $36) 22. Qxa1 Qxc5 23. Qd4 $36) (15... axb4 16. axb4 Nd6 17. b5 {+=}) (
15... Nd6 16. b5 (16. Nd2 axb4 17. Qxb4 $5 (17. axb4 b5 $132 {/\ Nb6-c4}) 17...
c5 18. Qb3 c4 19. Qb4 Nf6 20. Rdb1 Ra6 21. a4 {+=}) 16... Nc4 17. Qb3 {+=}) 16.
Qxc3 Qe7 17. Ne1 Qd6 18. Nd3 Ba6 19. bxa5 $5 Bxd3 20. Rxd3 Rxa5 21. Rc1 Nb8 (
21... Rc8 $6 22. Qb4 $1 {+/- <->c}) (21... c5 22. dxc5 Rxc5 23. Qd2 Rxc1+ 24.
Qxc1 Nf6 25. Qd1 $36) 22. Qb4 $1 Qd8 $8 {/\ b5=} (22... Qxb4 $2 23. axb4 Ra4 (
23... Rb5 $2 24. Rb3 {+- /\ Bf1}) 24. b5 {+-}) 23. a4 $1 b5 24. axb5 Rxb5 25.
Qa3 Qb6 26. Rdc3 g6 27. Bh3 Kg7 28. R3c2 Rb4 $1 {/\ Re7} 29. Ra2 Re7 30. Qa5
Qb7 $6 (30... Rb7 {+=}) 31. Qc5 Rb1 32. Qc2 Rb6 $6 (32... Rb4 33. Rca1 Qb6 {+=}
) 33. Rca1 Qc7 34. Rb2 $1 Rxb2 35. Qxb2 Nd7 $2 $138 (35... Qb7 36. Qa3 {+=})
36. Ra6 {+/-} Re8 37. Qc2 (37. Qc3 $142) 37... Nb8 38. Ra3 Nd7 39. Ra6 Nb8 40.
Ra8 Qb7 41. Qa2 Re7 42. Ra3 Qc7 43. Qb2 Nd7 44. Ra6 Re8 45. Qc3 $1 Nb8 46. Ra8
Qb7 47. Qa3 $1 {>< e7} h5 $6 (47... Re7 $4 48. Rxb8 {+-}) (47... Kg8 $142) 48.
Qa7 Qb1+ (48... Qxa7 49. Rxa7 Kf8 50. Rb7 {+- /\ Kf1-e1-d2-c3-b4}) 49. Bf1 h4
50. Qc7 hxg3 51. hxg3 Rf8 $8 (51... Rh8 $2 52. Qe5+ {+-}) 52. Ra7 Qf5 53. Rb7
Qc8 54. Qe5+ Kg8 55. Re7 {+- ->} Qd8 56. Bd3 Nd7 57. Qd6 (57. Qg5 $2 Re8 {=})
57... Nb8 $6 (57... Nb6 58. Qxd8 Rxd8 59. Rb7 Nd7 (59... Na4 $2 60. Rc7 Rd6 61.
Ba6 {/\ Bb7} c5 62. Bb5 {+-}) 60. Rc7 Nb8 61. Kf1 {+-}) 58. Qf6 Nd7 59. Qh4 $1
Kg7 (59... Re8 60. Bxg6 $1 {+-}) 60. Qg5 1-0

[Event "WchT 8th"]
[Site "Ningbo"]
[Date "2011.07.21"]
[Round "5.4"]
[White "Sargissian, Gabriel"]
[Black "Yu, Yangyi"]
[Result "1-0"]
[WhiteElo "2663"]
[BlackElo "2672"]
[Annotator "Marin,M"]
[PlyCount "89"]
[EventDate "2011.07.17"]
[EventType "team-tourn"]
[EventRounds "9"]
[EventCountry "CHN"]
[SourceTitle "CBM 144"]
[Source "ChessBase"]
[SourceDate "2011.09.16"]
[SourceVersion "1"]
[SourceVersionDate "2011.09.16"]
[SourceQuality "1"]
[WhiteTeam "Armenia"]
[BlackTeam "China"]
[WhiteTeamCountry "ARM"]
[BlackTeamCountry "CHN"]

1. d4 Nf6 2. c4 e6 3. Nf3 Bb4+ 4. Bd2 Bxd2+ 5. Qxd2 O-O 6. g3 b6 7. Nc3 Bb7 8.
Bg2 Ne4 9. Qd3 Nxc3 10. Ng5 Ne4 11. Nxe4 Nc6 {This move corresponds best to
the hyper-modern spirit of the variation. Being slightly underdeveloped, Black
avoids the immediate pawn contact in the centre, which usually leaves him
struggling for a long time.} 12. O-O (12. Qd2 $6 Na5 $1 13. Qc3 f5 14. b4 Nxc4
15. Nf6+ Rxf6 16. Bxb7 Rb8 17. Bf3 d5 18. e3 c5 $17 {Airapetian,G (2429)
-Lomako,P (2431)/Lipetsk 2010/CBM 137 Extra (1/2, 61)}) 12... Rb8 {Generally
speaking, this is an useful move, but maybe it is better to wait with it until
White defines his intentions.} ({I do not like} 12... d5 {, either, as it
leads to the same kind of problems as after 11...d5.} 13. cxd5 Nb4 14. Qb3 Nxd5
15. Rac1 Qe7 16. Rfd1 $14) (12... f5 $5 {looks like an eccentric way of
getting counterplay on the kingside.} 13. Nc3 f4 $5 (13... Nb4 14. Qd2 Bxg2 15.
Kxg2 $14) 14. Be4 (14. d5 Ne5 15. Qd4 Qg5 $132) 14... h6 15. Rad1) (12... d6 $5
{may be soundest.} 13. a3 (13. Nc3 {allows the simplifying} Nb4 14. Qd2 Bxg2
15. Kxg2 Qd7 {, with similar play as in Tarjan-Larsen.}) (13. Qd2 {does not
put too much pressure on Black.} a5 $5 14. Nc3 Qc8) 13... e5 (13... a5 14. Nc3
$5) 14. d5 (14. e3 f5 15. Nc3 e4 16. Qc2 Ne7 $13 {[%csl Gf3,Gg2]}) 14... Nb8
15. b4 f5 16. Nc3 Nd7 $132 17. e4 f4 18. Bh3 a5 $132 {This looke like a more
passive version of Goglidze's game, but Black seems to have adequate play
anyway.}) 13. Nc3 (13. a3 $5) 13... Nb4 14. Qd2 Bxg2 15. Kxg2 c6 {Black
decides to put a break to the enemy centrre with ...d5.} 16. a3 Na6 17. e4 d5
18. cxd5 cxd5 19. e5 {Black has failed to solve all his problems. The
unfortunate position of his knight will leave him with problems fighting for
the only open file.} Nc7 (19... Qd7 20. Rac1 Rfc8 21. Rc2 (21. Qd3 Nc7 22. Rc2
Nb5 23. Rfc1 Nxc3 24. Rxc3 h6 25. Qc2 $14) 21... Rc4 22. b3 Rc7 23. Rfc1 Rbc8
$14) 20. Rac1 Qd7 21. Rc2 Rbc8 22. Rfc1 $14 Nb5 $6 23. Nxb5 Rxc2 24. Rxc2 Qxb5
25. Rc7 $16 {Black's position is very passive.} a5 26. Qc2 h6 27. h4 Qa6 28. b3
Qb5 29. h5 Rd8 30. Rc6 Rf8 31. f4 Qa6 32. Rc7 Qa8 33. Qc6 Qa6 34. Qc2 Qa8 35.
g4 Kh8 36. a4 Kg8 37. Kf2 Kh8 38. Qc6 Qb8 39. Kg3 Kg8 40. g5 hxg5 41. fxg5 Qd8
42. Kg4 Kh8 43. Qb7 Kg8 44. g6 Qe8 45. Re7 1-0